000 01243nam a2200313 i 4500
001 3590
003 Mx-PuUPA
005 20260504114246.0
008 140415s2001 caua fr 001 0 eng d
020 _a0941188264
020 _a9780941188265
040 _cMx-PuUPA
_aMx-PuUPA
_bspa
_dMx-PuUPA
_erda
041 0 _aeng
100 1 _aSonnenschein, David,
_d1953-
_eautor
_918068
245 1 0 _aSound design :
_bthe expressive power of music, voice, and sound effects in cinema /
_cDavid Sonnenschein
264 1 _aStudio City, CA :
_bMichael Wiese Productions,
_c©2001
300 _axxiii, 243 páginas :
_btablas, gráficas (blanco y negro) ;
_c23 cm
336 _2rdacontent
_atexto
_btxt
337 _2rdamedia
_asin medio
_bn
338 _2rdacarrier
_avolumen
_bnc
650 7 _2armarc
_aCine sonoro
650 7 _2armarc
_aSonido
_xGrabación y reproducción
650 7 _2armarc
_aCine
_xEfectos de sonido
942 _2ddc
_cLI
_h777.53
_iS68
999 _c3590
_d3590